000 00477nam a2200181Ia 4500
008 240925s9999 xx 000 0 und d
020 _a9788184870244
082 _a510.2462 DUB
100 _aDube , Rakesh
245 0 _aMathematics for Engineers
250 _aNA
260 _aNew Delhi:
_bNarosa Publishing House
_c,2010.
300 _a343p.
_bII
_fOriginal
500 _aIncludes Index
600 _aHumanities & Natural Science
650 _aMathematics
942 _cBK
999 _c11233
_d11233